Dược lý học lâm sàng
Nội dung sách gồm: dược lý học đại cương; thuốc tác dụng trên hệ thần kinh thực vật; hóa học trị liệu; thuốc tác dụng trên chuyển hóa và mô...
Guardado en:
| Autor principal: | |
|---|---|
| Formato: | Libro |
| Lenguaje: | Undetermined |
| Publicado: |
Hà Nội
Y học
2018
|
| Materias: | |
| Etiquetas: |
Agregar Etiqueta
Sin Etiquetas, Sea el primero en etiquetar este registro!
|
| Thư viện lưu trữ: | Trung tâm Học liệu Trường Đại học Cần Thơ |
|---|
| LEADER | 00986nam a2200229Ia 4500 | ||
|---|---|---|---|
| 001 | CTU_238248 | ||
| 008 | 210402s9999 xx 000 0 und d | ||
| 082 | |a 615.7 | ||
| 082 | |b V115 | ||
| 100 | |a Đào, Phan Văn | ||
| 245 | 0 | |a Dược lý học lâm sàng | |
| 245 | 0 | |c Đào Phan Văn (Chủ biên), Nguyễn Trọng Thông, Nguyễn Trần Giáng Hương | |
| 260 | |a Hà Nội | ||
| 260 | |b Y học | ||
| 260 | |c 2018 | ||
| 520 | |a Nội dung sách gồm: dược lý học đại cương; thuốc tác dụng trên hệ thần kinh thực vật; hóa học trị liệu; thuốc tác dụng trên chuyển hóa và mô... | ||
| 526 | |a Dược lý học,Hóa trị liệu | ||
| 526 | |b TN456,TN448 | ||
| 650 | |a Pharmacology,Dược lý học,Thuốc,Tác dụng sinh lý,Drugs | ||
| 650 | |x Physiological effect | ||
| 910 | |a Tuyến | ||
| 980 | |a Trung tâm Học liệu Trường Đại học Cần Thơ | ||